Joy Bangla / (Record no. 6912)
[ view plain ]
| 000 -LEADER | |
|---|---|
| fixed length control field | 00660nam a22002177a 4500 |
| 003 - CONTROL NUMBER IDENTIFIER | |
| control field | BUBTL |
| 008 - FIXED-LENGTH DATA ELEMENTS--GENERAL INFORMATION | |
| fixed length control field | 230109b ||||| |||| 00| 0 eng d |
| 020 ## - INTERNATIONAL STANDARD BOOK NUMBER | |
| International Standard Book Number | 9789842002410 |
| 082 ## - DEWEY DECIMAL CLASSIFICATION NUMBER | |
| Classification number | 891.443/ C4595j/ 2012 |
| 100 ## - MAIN ENTRY--PERSONAL NAME | |
| 9 (RLIN) | 5185 |
| Personal name | Mamoon, Muntassir |
| 245 ## - TITLE STATEMENT | |
| Title | Joy Bangla / |
| Statement of responsibility, etc. | Muntasir Mamoon |
| 250 ## - EDITION STATEMENT | |
| Edition statement | 1st Edn |
| 260 ## - PUBLICATION, DISTRIBUTION, ETC. (IMPRINT) | |
| Place of publication, distribution, etc. | Dhaka: |
| Name of publisher, distributor, etc. | Adorn Publication, |
| Date of publication, distribution, etc. | c2012 |
| 300 ## - PHYSICAL DESCRIPTION | |
| Extent | 184 p.: |
| Other physical details | ills.; |
| Dimensions | 21.5 cm |
| 505 ## - FORMATTED CONTENTS NOTE | |
| Formatted contents note | Joy Bangla, Muntasir Mamoon, Literature, Liberation War |
| 650 #0 - SUBJECT ADDED ENTRY--TOPICAL TERM | |
| 9 (RLIN) | 2152 |
| Topical term or geographic name as entry element | Bengali Literature |
| 700 ## - ADDED ENTRY--PERSONAL NAME | |
| 9 (RLIN) | 5157 |
| Personal name | Chowdhury, Kabir |
| 856 ## - ELECTRONIC LOCATION AND ACCESS | |
| Password | 0 |
| Logon | 0 |
| Link text | Download |
| 942 ## - ADDED ENTRY ELEMENTS (KOHA) | |
| Source of classification or shelving scheme | |
| Koha item type | Books |
| Withdrawn status | Lost status | Source of classification or shelving scheme | Damaged status | Not for loan | Collection code | Permanent location | Current location | Shelving location | Date acquired | Source of acquisition | Inventory number | Total Checkouts | Full call number | Barcode | Date last seen | Copy number | Price effective from | Koha item type |
|---|---|---|---|---|---|---|---|---|---|---|---|---|---|---|---|---|---|---|
| Fiction | Bangladesh University of Business and Technology Library | Bangladesh University of Business and Technology Library | Fiction | 12/19/2022 | Purchase | 29125 | 891.443/ C4595j/ 2012 | BUBTL-200329125 | 01/09/2023 | C-1 | 01/09/2023 | Books | ||||||
| Fiction | Bangladesh University of Business and Technology Library | Bangladesh University of Business and Technology Library | Fiction | 12/19/2022 | Purchase | 29126 | 891.443/ C4595j/ 2012 | BUBTL-200329126 | 01/09/2023 | C-2 | 01/09/2023 | Books | ||||||
| Fiction | Bangladesh University of Business and Technology Library | Bangladesh University of Business and Technology Library | Fiction | 12/19/2022 | Purchase | 29127 | 891.443/ C4595j/ 2012 | BUBTL-200329127 | 01/09/2023 | C-3 | 01/09/2023 | Books | ||||||
| Fiction | Bangladesh University of Business and Technology Library | Bangladesh University of Business and Technology Library | Fiction | 12/19/2022 | Purchase | 29128 | 891.443/ C4595j/ 2012 | BUBTL-200329128 | 01/09/2023 | C-4 | 01/09/2023 | Books | ||||||
| Fiction | Bangladesh University of Business and Technology Library | Bangladesh University of Business and Technology Library | Fiction | 12/19/2022 | Purchase | 29129 | 891.443/ C4595j/ 2012 | BUBTL-200329129 | 01/09/2023 | C-5 | 01/09/2023 | Books |
